<?xml version="1.0" encoding="UTF-8"?>
<record
    xmlns:xsi="http://www.w3.org/2001/XMLSchema-instance"
    xsi:schemaLocation="http://www.loc.gov/MARC21/slim http://www.loc.gov/standards/marcxml/schema/MARC21slim.xsd"
    xmlns="http://www.loc.gov/MARC21/slim">

  <leader>02873njm a2200433Ia 4500</leader>
  <controlfield tag="001">72975</controlfield>
  <controlfield tag="003">IT-RoPAU</controlfield>
  <controlfield tag="005">20220918181121.0</controlfield>
  <controlfield tag="008">131025s9999    xx            000 0 und d</controlfield>
  <datafield tag="040" ind1=" " ind2=" ">
    <subfield code="a">IT-RoPAU</subfield>
  </datafield>
  <datafield tag="040" ind1=" " ind2=" ">
    <subfield code="c">IT-RoPAU</subfield>
  </datafield>
  <datafield tag="041" ind1=" " ind2=" ">
    <subfield code="a">POLACCO</subfield>
  </datafield>
  <datafield tag="999" ind1=" " ind2=" ">
    <subfield code="c">99828</subfield>
    <subfield code="d">99828</subfield>
  </datafield>
  <datafield tag="999" ind1=" " ind2=" ">
    <subfield code="b">n.d.</subfield>
  </datafield>
  <datafield tag="100" ind1=" " ind2=" ">
    <subfield code="a">AA.VV.</subfield>
    <subfield code="9">794</subfield>
  </datafield>
  <datafield tag="100" ind1=" " ind2=" ">
    <subfield code="e">Autore musica</subfield>
    <subfield code="9">24586</subfield>
  </datafield>
  <datafield tag="100" ind1=" " ind2=" ">
    <subfield code="g">Codice autore musica SPICS: 12000</subfield>
    <subfield code="9">796</subfield>
  </datafield>
  <datafield tag="245" ind1=" " ind2=" ">
    <subfield code="a">Gdyby Nie Tywarszawo! (Lp Sx T 74)</subfield>
  </datafield>
  <datafield tag="250" ind1=" " ind2=" ">
    <subfield code="a">1a ed.</subfield>
  </datafield>
  <datafield tag="260" ind1=" " ind2=" ">
    <subfield code="a">POLONIA</subfield>
  </datafield>
  <datafield tag="260" ind1=" " ind2=" ">
    <subfield code="b">TONPRESS</subfield>
    <subfield code="c">1987 [1a Ed.:1987 - Ed. Lingua Orig.: 1987]</subfield>
  </datafield>
  <datafield tag="300" ind1=" " ind2=" ">
    <subfield code="a">DISCO</subfield>
  </datafield>
  <datafield tag="300" ind1=" " ind2=" ">
    <subfield code="c">40 minuti (Testo: 0 pag.)</subfield>
  </datafield>
  <datafield tag="500" ind1=" " ind2=" ">
    <subfield code="a">Musica pop polacca. Se non ci fossi tu Varsavia </subfield>
  </datafield>
  <datafield tag="505" ind1=" " ind2=" ">
    <subfield code="a">W Warszawie Jest Wszystko [(Rosiewicz Andrzej) (4:00)] - Ulice Nibi Piosenki [(Niemen Czeslaw) (5:00)] - Pan Watrobka, Pan Piecyk, Pan Wiech [(Stepowski Jarema) (4:00)] - Najszybsze Domy Swiata [(Buda Pod) (4:00)] - Warszawa Jaka By Mogla Byc [(Santor I.) (6:00)] - Gdyby Nie Ty Warszawo [(Wodecki Z.) (5:00)] - Dzien Dobry Nike [(Wojdak A.) (4:00)] - Jest Warszawa [(Wodecki Z.) (4:00)] - Male Mieszkanko Na Mariensztacie [(Buda Pod) (5:00)] - Taksowkarz Warszawski [(Stepowski Jarema) (4:00)]</subfield>
  </datafield>
  <datafield tag="650" ind1=" " ind2=" ">
    <subfield code="a">POP [DISCHI]</subfield>
    <subfield code="e">Codice MATERIA SPICS: 9950</subfield>
    <subfield code="9">1001</subfield>
  </datafield>
  <datafield tag="700" ind1=" " ind2=" ">
    <subfield code="a">Sart M.</subfield>
    <subfield code="d">Codice autore musica SPICS: 25397</subfield>
    <subfield code="e">Autore musica</subfield>
    <subfield code="p">W Warszawie Jest Wszystko - Ulice Nibi Piosenki - Pan Watrobka, Pan Piecyk, Pan Wiech - Najszybsze Domy Swiata - Warszawa Jaka By Mogla Byc - Gdyby Nie Ty Warszawo - Dzien Dobry Nike</subfield>
    <subfield code="9">24587</subfield>
  </datafield>
  <datafield tag="700" ind1=" " ind2=" ">
    <subfield code="a">Kobylinski Sz.</subfield>
    <subfield code="d">Codice autore testo/musica SPICS: 25494</subfield>
    <subfield code="e">Autore testo/musica</subfield>
    <subfield code="p">W Warszawie Jest Wszystko - Pan Watrobka, Pan Piecyk, Pan Wiech</subfield>
    <subfield code="9">24588</subfield>
  </datafield>
  <datafield tag="700" ind1=" " ind2=" ">
    <subfield code="a">Kord K.</subfield>
    <subfield code="d">Codice autore testo/musica SPICS: 25495</subfield>
    <subfield code="e">Autore testo/musica</subfield>
    <subfield code="p">Ulice Nibi Piosenki</subfield>
    <subfield code="9">24589</subfield>
  </datafield>
  <datafield tag="700" ind1=" " ind2=" ">
    <subfield code="a">Bianusz A.</subfield>
    <subfield code="d">Codice autore testo/musica SPICS: 25496</subfield>
    <subfield code="e">Autore testo/musica</subfield>
    <subfield code="p">Najszybsze Domy Swiata - Warszawa Jaka By Mogla Byc</subfield>
    <subfield code="9">24590</subfield>
  </datafield>
  <datafield tag="700" ind1=" " ind2=" ">
    <subfield code="a">Szemioth K.</subfield>
    <subfield code="d">Codice autore testo/musica SPICS: 25497</subfield>
    <subfield code="e">Autore testo/musica</subfield>
    <subfield code="p">Gdyby Nie Ty Warszawo</subfield>
    <subfield code="9">24591</subfield>
  </datafield>
  <datafield tag="700" ind1=" " ind2=" ">
    <subfield code="a">Miller J.</subfield>
    <subfield code="d">Codice autore testo/musica SPICS: 25498</subfield>
    <subfield code="e">Autore testo/musica</subfield>
    <subfield code="p">Dzien Dobry Nike</subfield>
    <subfield code="9">24592</subfield>
  </datafield>
  <datafield tag="700" ind1=" " ind2=" ">
    <subfield code="a">Klimczuk B.</subfield>
    <subfield code="d">Codice autore musica SPICS: 25096</subfield>
    <subfield code="e">Autore musica</subfield>
    <subfield code="p">Jest Warszawa</subfield>
    <subfield code="9">24593</subfield>
  </datafield>
  <datafield tag="700" ind1=" " ind2=" ">
    <subfield code="a">Lech A.</subfield>
    <subfield code="d">Codice autore testo/musica SPICS: 25499</subfield>
    <subfield code="e">Autore testo/musica</subfield>
    <subfield code="p">Jest Warszawa</subfield>
    <subfield code="9">24594</subfield>
  </datafield>
  <datafield tag="700" ind1=" " ind2=" ">
    <subfield code="a">Gozdawa Z.</subfield>
    <subfield code="d">Codice autore musica SPICS: 25398</subfield>
    <subfield code="e">Autore musica</subfield>
    <subfield code="p">Male Mieszkanko Na Mariensztacie</subfield>
    <subfield code="9">24595</subfield>
  </datafield>
  <datafield tag="700" ind1=" " ind2=" ">
    <subfield code="a">Stepien W.</subfield>
    <subfield code="d">Codice autore testo/musica SPICS: 25500</subfield>
    <subfield code="e">Autore testo/musica</subfield>
    <subfield code="p">Male Mieszkanko Na Mariensztacie</subfield>
    <subfield code="9">24596</subfield>
  </datafield>
  <datafield tag="700" ind1=" " ind2=" ">
    <subfield code="a">Suchocki T.</subfield>
    <subfield code="d">Codice autore musica SPICS: 25399</subfield>
    <subfield code="e">Autore musica</subfield>
    <subfield code="9">24597</subfield>
  </datafield>
  <datafield tag="700" ind1=" " ind2=" ">
    <subfield code="a">Hudaszek R.</subfield>
    <subfield code="d">Codice autore testo/musica SPICS: 25055</subfield>
    <subfield code="e">Autore testo/musica</subfield>
    <subfield code="p">Taksowkarz Warszawski</subfield>
    <subfield code="9">24598</subfield>
  </datafield>
  <datafield tag="942" ind1=" " ind2=" ">
    <subfield code="c">MD</subfield>
    <subfield code="2">ddc</subfield>
  </datafield>
  <datafield tag="952" ind1=" " ind2=" ">
    <subfield code="0">0</subfield>
    <subfield code="1">0</subfield>
    <subfield code="4">0</subfield>
    <subfield code="6">72975_000000000000000</subfield>
    <subfield code="7">1</subfield>
    <subfield code="a">SPICS</subfield>
    <subfield code="b">SPICS</subfield>
    <subfield code="d">2013-10-25</subfield>
    <subfield code="l">0</subfield>
    <subfield code="o">72975</subfield>
    <subfield code="r">2013-10-25 00:00:00</subfield>
    <subfield code="w">2013-10-25</subfield>
    <subfield code="y">MD</subfield>
    <subfield code="z">Progr. Ins.: 17426 / N.Vol.: 1 / Copie: 1 - Copia rara: n.d. / date import: 01.01.2014 - By Epidotti, Trombetti, Vaglietti</subfield>
  </datafield>
</record>
